| 000 | 00443 a2200133 4500 | ||
|---|---|---|---|
| 001 | 91692 | ||
| 082 | _aPR 1700 | ||
| 090 |
_c43853 _d43852 |
||
| 100 | _aKhawar Imran; Prof Sarfraz Khan and Zeeshan A Malik, Advisors | ||
| 245 |
_aAutomated Functional Testing of ESI module of Navigation and Attack Unit Through Pin Piont II Studio Environment _n63 "B" EC |
||
| 260 |
_aRawalpindi _bNUST _c2007 |
||
| 300 | _a66p | ||
| 500 | _aBE Project Reports | ||
| 942 |
_aCAE NUST _kPR 1700 |
||
| 999 |
_c326765 _d326765 |
||